Health Psychology: (Record no. 9701)
[ view plain ]
| 000 -LEADER | |
|---|---|
| fixed length control field | 00574nam a2200193 4500 |
| 003 - CONTROL NUMBER IDENTIFIER | |
| control field | OSt |
| 005 - DATE AND TIME OF LATEST TRANSACTION | |
| control field | 20151109124303.0 |
| 008 - FIXED-LENGTH DATA ELEMENTS--GENERAL INFORMATION | |
| fixed length control field | 151109b xxu||||| |||| 00| 0 eng d |
| 020 ## - INTERNATIONAL STANDARD BOOK NUMBER | |
| International Standard Book Number | 0471359408 |
| 040 ## - CATALOGING SOURCE | |
| Original cataloging agency | SEKU |
| 050 ## - LIBRARY OF CONGRESS CALL NUMBER | |
| Classification number | R 726.7 |
| Item number | .S2 1994 |
| 100 ## - MAIN ENTRY--PERSONAL NAME | |
| Personal name | Safino, P. Edwart |
| 245 ## - TITLE STATEMENT | |
| Title | Health Psychology/ |
| Remainder of title | Biopsychology Interactions |
| Statement of responsibility, etc. | Edward P.Sarafino |
| 250 ## - EDITION STATEMENT | |
| Edition statement | 4ed. |
| 260 ## - PUBLICATION, DISTRIBUTION, ETC. (IMPRINT) | |
| Place of publication, distribution, etc. | New York: |
| Name of publisher, distributor, etc. | John Wiley, |
| Date of publication, distribution, etc. | 2002. |
| 300 ## - PHYSICAL DESCRIPTION | |
| Extent | 613p. : |
| 690 ## - LOCAL SUBJECT ADDED ENTRY--TOPICAL TERM (OCLC, RLIN) | |
| Source of heading or term | Clinical health psychology. |
| Topical term or geographic name as entry element | Disease--psychology. |
| Form subdivision | Psychophysiologic Disorders |
| 942 ## - ADDED ENTRY ELEMENTS (KOHA) | |
| Source of classification or shelving scheme | Library of Congress Classification |
| Koha item type | General circulation |
| Withdrawn status | Lost status | Source of classification or shelving scheme | Damaged status | Not for loan | Home library | Current library | Shelving location | Date acquired | Source of acquisition | Total Checkouts | Full call number | Barcode | Date last seen | Date last checked out | Price effective from | Koha item type |
|---|---|---|---|---|---|---|---|---|---|---|---|---|---|---|---|---|
| Library of Congress Classification | Main Campus Library | Main Campus Library | General Stacks | 09/11/2015 | Donation-books for Africa | 1 | R 726.7 .S2 1994 | 2015/009725 | 23/04/2026 | 01/12/2025 | 09/11/2015 | General circulation |